| 000 | 01649nam a2200325 i 4500 | ||
|---|---|---|---|
| 001 | 768714001 | ||
| 003 | CO-MdFUSB | ||
| 005 | 20260317164436.0 | ||
| 007 | ta | ||
| 008 | 241006t2009 -us||||| |||| 001 0 spa d | ||
| 020 | _a978-1-60255-365-1 | ||
| 040 |
_bspa. _aCO-MdFUSB _cCO-MdFUSB _dCO-MdFUSBC _erda |
||
| 041 | _aspa | ||
| 082 |
_223 _a248.4 _bH812 |
||
| 100 |
_aHormachea, David _eautor |
||
| 245 | 1 | 3 |
_aEl adulterio : _b¿qué hago? _c/ David Hormachea |
| 264 | 1 |
_aNashville, Tennessee, Estados Unidos : _bGrupo Nelson, _c[2009] |
|
| 264 | 4 | _c©2009 | |
| 300 |
_a268 páginas _c; 23 cm |
||
| 336 |
_2rdacontent _atexto _btxt |
||
| 337 |
_2rdamedia _asin mediación _bn |
||
| 338 |
_2rdacarrier _avolumen _bnc |
||
| 500 | _aIncluye índice general | ||
| 505 | _aNuestra pecaminosidad: Una realidad innegable. -- Cualquiera que codicia a otra persona. -- La terrible caída de un hombre conforme al corazón de Dios. -- Razones que motivan a cometer adulterio. -- Manifestaciones distintas del mismo pecado. -- El cónyuge infiel: Pasos del envolvimiento pecaminoso. -- La confrontación sabia de un pecado terrible. -- Consecuencias dolorosas de un pecado grave. -- Experiencias dolorosas actuales para promover la fidelidad. -- La restauración bíblica del pecador arrepentido. -- La forma constructiva de enfrentar una experiencia destructiva. -- Indicaciones concretas para la restauración en la congregación. -- Cartas de amor para quienes las necesitan. | ||
| 563 | _aRústica | ||
| 650 | 7 |
_aAdulterio _9302 |
|
| 653 | _aGuía práctica de vida cristiana - Consejería | ||
| 942 | _cBK | ||
| 945 | _aCatherine Arias Alvarez | ||
| 999 |
_c71037 _d71037 |
||